[Event "BL2-Ost 1112"]
[Site "Germany"]
[Date "2012.03.18"]
[Round "8.7"]
[White "Meissner, Bernd"]
[Black "Espig, Thomas"]
[Result "1/2-1/2"]
[WhiteElo "2385"]
[BlackElo "2227"]
[PlyCount "79"]
[EventDate "2011.10.02"]
[EventType "team-tourn"]
[EventRounds "9"]
[EventCountry "GER"]
[SourceTitle "EXT 2015"]
[Source "ChessBase"]
[SourceDate "2014.11.20"]
[SourceVersion "1"]
[SourceVersionDate "2014.11.20"]
[SourceQuality "1"]
[WhiteTeam "Bayern Muenchen"]
[BlackTeam "Plauen Koenig"]
[WhiteTeamCountry "GER"]
[BlackTeamCountry "GER"]

1. d4 Nf6 2. Nf3 g6 3. c4 Bg7 4. Nc3 d6 5. e4 0-0 6. Be2 e5 7. 0-0 Nc6 8. d5 Ne7 9. Ne1 Ne8 10. Be3 f5 11. f3 f4 12. Bf2 g5 13. c5 Rf7 14. a4 Bf6 15. a5 Rg7 16. c6 bxc6 17. dxc6 h5 18. h3 g4 19. fxg4 hxg4 20. hxg4 Ng6 21. Nd5 Bh4 22. Ra3 Rh7 23. b4 Kg7 24. Rh3 Nf6 25. Nxf6 Qxf6 26. Bc4 Be6 27. Bxe6 Qxe6 28. Bxh4 Rxh4 29. Rxh4 Nxh4 30. Qe2 Rf8 31. Qf2 Qxg4 32. Qxa7 f3 33. Qf2 Qxe4 34. b5 Rf6 35. gxf3 Nxf3+ 36. Nxf3 Rg6+ 37. Kh1 Rh6+ 38. Kg1 Rg6+ 39. Kh1 Rh6+ 40. Kg1 1/2-1/2

[Event "BL2-Ost 1112"]
[Site "Germany"]
[Date "2011.11.20"]
[Round "3.8"]
[White "Meissner, Bernd"]
[Black "Delitzsch, Juergen"]
[Result "1-0"]
[WhiteElo "2385"]
[BlackElo "2278"]
[PlyCount "97"]
[EventDate "2011.10.02"]
[EventType "team-tourn"]
[EventRounds "9"]
[EventCountry "GER"]
[SourceTitle "EXT 2015"]
[Source "ChessBase"]
[SourceDate "2014.11.20"]
[SourceVersion "1"]
[SourceVersionDate "2014.11.20"]
[SourceQuality "1"]
[WhiteTeam "Bayern Muenchen"]
[BlackTeam "Bindlach"]
[WhiteTeamCountry "GER"]
[BlackTeamCountry "GER"]

1. d4 Nf6 2. c4 g6 3. Nc3 Bg7 4. e4 d6 5. Nf3 0-0 6. Be2 e5 7. 0-0 Nbd7 8. Be3 Qe7 9. d5 Nh5 10. Re1 Ndf6 11. h3 a5 12. Rc1 b6 13. b3 Ne8 14. a3 Bd7 15. b4 axb4 16. axb4 Ra3 17. c5 bxc5 18. bxc5 f5 19. c6 Bc8 20. exf5 gxf5 21. Nb5 Rxe3 22. fxe3 Bh6 23. Rc3 Ba6 24. Ra3 Bxb5 25. Bxb5 Ng3 26. Nd2 Nf6 27. Qf3 Nfh5 28. Nf1 e4 29. Qf2 Qg7 30. Nxg3 Nxg3 31. Kh2 Nh5 32. Rea1 Qe5+ 33. g3 Nf6 34. Ra8 Ne8 35. Rd1 Qc3 36. Re1 Bg7 37. Ba6 Qe5 38. Rd1 h5 39. h4 Kh8 40. Be2 Nf6 41. Rxf8+ Bxf8 42. Rf1 Qb2 43. Bxh5 Qc3 44. Qxf5 Bg7 45. Bg6 Qd2+ 46. Kh3 Qe2 47. Qc8+ Ng8 48. Rf5 Qxe3 49. Bf7 1-0

[Event "BL2-Ost 1112"]
[Site "Germany"]
[Date "2011.10.02"]
[Round "1.7"]
[White "Meier, Volker"]
[Black "Meissner, Bernd"]
[Result "0-1"]
[WhiteElo "2292"]
[BlackElo "2385"]
[PlyCount "80"]
[EventDate "2011.10.02"]
[EventType "team-tourn"]
[EventRounds "9"]
[EventCountry "GER"]
[SourceTitle "EXT 2015"]
[Source "ChessBase"]
[SourceDate "2014.11.20"]
[SourceVersion "1"]
[SourceVersionDate "2014.11.20"]
[SourceQuality "1"]
[WhiteTeam "Muenchen Tarrasch"]
[BlackTeam "Bayern Muenchen"]
[WhiteTeamCountry "GER"]
[BlackTeamCountry "GER"]

1. e4 e5 2. Nf3 Nf6 3. Nc3 Nc6 4. Bb5 Nd4 5. 0-0 Nxb5 6. Nxb5 c6 7. Nc3 Qc7 8. d4 d6 9. h3 Be7 10. Re1 0-0 11. a4 h6 12. b3 Re8 13. Bb2 Nd7 14. Ne2 Bf6 15. Ng3 g6 16. Qd2 Bg7 17. Rad1 Nf8 18. dxe5 dxe5 19. Ba3 f6 20. Bd6 Qf7 21. Qc3 Ne6 22. Nd2 Bd7 23. Nc4 b5 24. Ne3 a6 25. Ra1 Red8 26. axb5 axb5 27. Ra5 Be8 28. Rxa8 Rxa8 29. Ra1 Rd8 30. Qb4 h5 31. c4 Nd4 32. cxb5 cxb5 33. Nd5 Nc2 34. Qc3 Nxa1 35. Ba3 Ra8 36. Bb2 b4 37. Qxb4 Nc2 38. Qc5 Nd4 39. Bxd4 exd4 40. Qxd4 Bc6 0-1

[Event "Bundesliga 1011"]
[Site "Germany"]
[Date "2010.12.12"]
[Round "6.6"]
[White "Skinke, Katrina"]
[Black "Meissner, Bernd"]
[Result "0-1"]
[WhiteElo "2237"]
[BlackElo "2401"]
[PlyCount "117"]
[EventDate "2010.10.09"]
[EventType "team-tourn"]
[EventRounds "15"]
[EventCountry "GER"]
[SourceTitle "EXT 2012"]
[Source "ChessBase"]
[SourceDate "2011.11.24"]
[SourceVersion "1"]
[SourceVersionDate "2011.11.24"]
[SourceQuality "1"]
[WhiteTeam "Delmenhorst"]
[BlackTeam "Bayern Muenchen"]
[WhiteTeamCountry "GER"]
[BlackTeamCountry "GER"]

1. e4 c5 2. Nf3 d6 3. d4 cxd4 4. Nxd4 Nc6 5. Nc3 e5 6. Ndb5 a6 7. Na3 Nf6 8. Bg5 Be7 9. Nc4 Nd4 10. Bxf6 Bxf6 11. Nd5 0-0 12. c3 Nc6 13. Ndb6 Rb8 14. Qxd6 Be6 15. Be2 Qe8 16. 0-0 Be7 17. Qd2 Rd8 18. Qc2 f5 19. exf5 Bxf5 20. Qc1 Qg6 21. Qe3 Bg5 22. Qg3 Qh6 23. Ne3 Bf4 24. Nxf5 Rxf5 25. Qh3 Qxh3 26. gxh3 Rg5+ 27. Kh1 Rd2 28. Bc4+ Kf8 29. b4 Rh5 30. Kg2 Rd6 31. Nd5 Rg6+ 32. Kh1 Rxh3 33. Nxf4 exf4 34. f3 Rd6 35. Kg2 Rdh6 36. Rh1 R3h5 37. Rae1 Ne5 38. Re4 Rg6+ 39. Kf2 Rc6 40. Rxf4+ Ke7 41. Be2 Rxc3 42. h4 Nc6 43. Rg1 g6 44. a4 Rc2 45. Rg5 Rxg5 46. hxg5 Ke6 47. b5 axb5 48. axb5 Ne7 49. Rf6+ Ke5 50. f4+ Kd4 51. Rb6 Nd5 52. Rxb7 Nxf4 53. Rd7+ Ke4 54. Re7+ Kf5 55. b6 Rb2 56. b7 Nxe2 57. b8Q Rxb8 58. Kxe2 Rh8 59. Kf2 0-1

[Event "Bundesliga 1011"]
[Site "Germany"]
[Date "2010.11.13"]
[Round "3.7"]
[White "Meissner, Bernd"]
[Black "Poldauf, Dirk"]
[Result "0-1"]
[WhiteElo "2401"]
[BlackElo "2390"]
[PlyCount "76"]
[EventDate "2010.10.09"]
[EventType "team-tourn"]
[EventRounds "15"]
[EventCountry "GER"]
[SourceTitle "EXT 2012"]
[Source "ChessBase"]
[SourceDate "2011.11.24"]
[SourceVersion "1"]
[SourceVersionDate "2011.11.24"]
[SourceQuality "1"]
[WhiteTeam "Bayern Muenchen"]
[BlackTeam "Berlin SF"]
[WhiteTeamCountry "GER"]
[BlackTeamCountry "GER"]

1. d4 Nf6 2. c4 g6 3. Nc3 Bg7 4. e4 d6 5. Nf3 0-0 6. Be2 e5 7. 0-0 Na6 8. Be3 Ng4 9. Bg5 f6 10. Bc1 c6 11. h3 Nh6 12. Rb1 Nf7 13. b4 f5 14. b5 Nc7 15. bxc6 bxc6 16. d5 c5 17. Bd2 Ne8 18. Rb3 Bh6 19. Bxh6 Nxh6 20. Qd2 Nf7 21. Rfb1 Bd7 22. Rb7 f4 23. Qb2 Nf6 24. Qa3 a6 25. Qb2 g5 26. Qb6 Qe8 27. Ra7 Rxa7 28. Qxa7 h5 29. Rb7 g4 30. hxg4 hxg4 31. Nh4 f3 32. Bf1 fxg2 33. Bxg2 Ng5 34. Nf5 Nf3+ 35. Bxf3 gxf3 36. Kf1 Qh5 37. Ng3 Qg5 38. Rb1 Qd2 0-1

[Event "Bundesliga 0910"]
[Site "Germany"]
[Date "2010.02.28"]
[Round "11.5"]
[White "Glek, Igor Vladimirovich"]
[Black "Meissner, Bernd"]
[Result "1-0"]
[WhiteElo "2537"]
[BlackElo "2410"]
[PlyCount "119"]
[EventDate "2009.10.16"]
[EventType "team-tourn"]
[EventRounds "15"]
[EventCountry "GER"]
[SourceTitle "EXT 2011"]
[Source "ChessBase"]
[SourceDate "2010.11.26"]
[SourceVersion "1"]
[SourceVersionDate "2010.11.26"]
[SourceQuality "1"]
[WhiteTeam "Katernberg"]
[BlackTeam "Bayern Muenchen"]
[WhiteTeamCountry "GER"]
[BlackTeamCountry "GER"]

1. e4 e5 2. Nf3 Nf6 3. Nc3 Nc6 4. g3 d5 5. exd5 Nxd5 6. Bg2 Nxc3 7. bxc3 Be7 8. 0-0 0-0 9. Re1 Bf6 10. Rb1 Rb8 11. d3 Be6 12. c4 Qd7 13. Bg5 Bxg5 14. Nxg5 Bg4 15. Bxc6 bxc6 16. f3 Bh5 17. Qe2 f6 18. Ne4 Rxb1 19. Rxb1 f5 20. Nf2 e4 21. dxe4 fxe4 22. Qxe4 Bxf3 23. Qe3 Qf5 24. Re1 h6 25. Qe6+ Qxe6 26. Rxe6 Rf5 27. Re3 h5 28. h4 Kf8 29. Rb3 Be2 30. Nd3 Ra5 31. a3 Ra4 32. Rc3 Bxd3 33. cxd3 c5 34. Kf2 Ke7 35. Ke3 Ra6 36. Ke4 Rg6 37. Kf4 Rg4+ 38. Kf3 Kd6 39. Rb3 Rd4 40. Ke3 Rg4 41. Kf2 Rd4 42. Rb8 Ke5 43. Re8+ Kf6 44. Rf8+ Ke6 45. Rf3 Rd6 46. Ke3 Ke5 47. Rf7 Rg6 48. Rxc7 Rxg3+ 49. Kd2 Kf4 50. Rxc5 Kg4 51. Re5 Kxh4 52. c5 Rg6 53. d4 Rc6 54. Kd3 g5 55. Kc4 g4 56. d5 Rc8 57. d6 g3 58. d7 Rg8 59. Re8 Rg4+ 60. Kc3 1-0

[Event "Bundesliga 0910"]
[Site "Germany"]
[Date "2010.02.07"]
[Round "9.6"]
[White "Babula, Vlastimil"]
[Black "Meissner, Bernd"]
[Result "1-0"]
[WhiteElo "2569"]
[BlackElo "2410"]
[PlyCount "109"]
[EventDate "2009.10.16"]
[EventType "team-tourn"]
[EventRounds "15"]
[EventCountry "GER"]
[SourceTitle "CBM 135"]
[Source "ChessBase"]
[SourceDate "2010.03.17"]
[SourceVersion "1"]
[SourceVersionDate "2010.03.17"]
[SourceQuality "1"]
[WhiteTeam "Werder Bremen"]
[BlackTeam "Bayern Muenchen"]
[WhiteTeamCountry "GER"]
[BlackTeamCountry "GER"]

1. d4 Nf6 2. c4 g6 3. Nc3 Bg7 4. e4 d6 5. Nf3 0-0 6. Be2 c5 7. 0-0 cxd4 8. Nxd4 Nc6 9. Be3 Bd7 10. Nc2 a6 11. f3 Rc8 12. Qd2 Ne5 13. b3 b5 14. cxb5 Qc7 15. Bd4 axb5 16. Rfc1 Qb7 17. Nb4 Rfd8 18. Rab1 Nc6 19. Nxc6 Bxc6 20. a4 bxa4 21. bxa4 Qa8 22. Bb6 Re8 23. Bb5 Nd7 24. Bd4 Bxb5 25. axb5 Qb8 26. b6 Rc4 27. Bxg7 Kxg7 28. Nd5 Rxc1+ 29. Rxc1 e6 30. Qd4+ Kg8 31. Rc7 exd5 32. Rxd7 dxe4 33. fxe4 Qc8 34. Rc7 Qa6 35. h3 Rxe4 36. Qxd6 Re6 37. Qd8+ Kg7 38. Qd4+ Rf6 39. b7 Qb6 40. Qxb6 Rxb6 41. Kf2 Rb3 42. Ke2 h5 43. Kd2 g5 44. Kc2 Rb5 45. Kc3 Kg6 46. Kc4 Rb1 47. Kc5 f6 48. g4 hxg4 49. hxg4 Rb2 50. Rd7 Rc2+ 51. Kd6 Rd2+ 52. Kc7 Rc2+ 53. Kd8 Rb2 54. Kc8 f5 55. Rd6+ 1-0

[Event "Bundesliga 0910"]
[Site "Germany"]
[Date "2009.12.11"]
[Round "7.6"]
[White "Schoene, Maria"]
[Black "Meissner, Bernd"]
[Result "0-1"]
[WhiteElo "2274"]
[BlackElo "2410"]
[PlyCount "156"]
[EventDate "2009.10.16"]
[EventType "team-tourn"]
[EventRounds "15"]
[EventCountry "GER"]
[SourceTitle "CBM 133 Extra"]
[Source "ChessBase"]
[SourceDate "2010.01.05"]
[SourceVersion "1"]
[SourceVersionDate "2010.01.05"]
[SourceQuality "1"]
[WhiteTeam "Erfurt"]
[BlackTeam "Bayern Muenchen"]
[WhiteTeamCountry "GER"]
[BlackTeamCountry "GER"]

1. e4 e5 2. Nf3 Nf6 3. Nxe5 d6 4. Nf3 Nxe4 5. c4 Be7 6. Qc2 Ng5 7. d4 Nxf3+ 8. gxf3 Nc6 9. Be3 Bf6 10. Qd2 d5 11. Nc3 Be6 12. 0-0-0 Ne7 13. Bg5 Bxg5 14. Qxg5 Ng6 15. Qe3 0-0 16. cxd5 Bxd5 17. Nxd5 Qxd5 18. Kb1 Rad8 19. Bd3 Rfe8 20. Be4 Qd6 21. Qc3 Nf4 22. Bxb7 Ne2 23. Qc5 Rb8 24. Bc6 Re6 25. Qxd6 Rxd6 26. Rd2 Nc3+ 27. Kc2 Nxa2 28. Be4 Rdb6 29. Rb1 g6 30. b3 Nb4+ 31. Kb2 f5 32. Bd3 Nxd3+ 33. Rxd3 Kg7 34. Rc1 R8b7 35. Re1 Kf6 36. f4 Rd6 37. Kc3 Ra6 38. Kb2 Rd6 39. Kc3 Rc6+ 40. Kb2 Rb4 41. Ka3 Rb8 42. Kb2 Rd8 43. Rc3 Rcd6 44. Rxc7 Rxd4 45. Rxa7 Rxf4 46. Re2 Rh4 47. Rb7 Rdd4 48. Kc3 Rdf4 49. b4 Rf3+ 50. Re3 Rxf2 51. b5 Rhxh2 52. b6 Rb2 53. Rxh7 Rxh7 54. Kxb2 Rb7 55. Rb3 Ke5 56. Ka3 g5 57. Ka4 g4 58. Ka5 f4 59. Ka6 Rb8 60. Ka7 Rf8 61. b7 g3 62. b8Q+ Rxb8 63. Rxb8 g2 64. Rg8 f3 65. Kb6 Kd4 66. Kc6 Ke3 67. Kd5 f2 68. Rg3+ Kf4 69. Rxg2 f1Q 70. Rd2 Qb5+ 71. Kd4 Qb4+ 72. Kd3 Qb3+ 73. Ke2 Qf3+ 74. Ke1 Qh1+ 75. Ke2 Ke4 76. Rd1 Qg2+ 77. Ke1 Ke3 78. Rd3+ Kxd3 0-1

[Event "Bundesliga 0910"]
[Site "Germany"]
[Date "2009.11.15"]
[Round "4.7"]
[White "Schwalfenberg, Joerg"]
[Black "Meissner, Bernd"]
[Result "1/2-1/2"]
[WhiteElo "2317"]
[BlackElo "2410"]
[PlyCount "91"]
[EventDate "2009.10.16"]
[EventType "team-tourn"]
[EventRounds "15"]
[EventCountry "GER"]
[SourceTitle "EXT 2010"]
[Source "ChessBase"]
[SourceDate "2010.11.25"]
[SourceVersion "1"]
[SourceVersionDate "2010.11.25"]
[SourceQuality "1"]
[WhiteTeam "Handschuhsheim"]
[BlackTeam "Bayern Muenchen"]
[WhiteTeamCountry "GER"]
[BlackTeamCountry "GER"]

1. Nf3 Nf6 2. c4 g6 3. Nc3 Bg7 4. g3 0-0 5. Bg2 d6 6. d4 Nc6 7. 0-0 a6 8. d5 Na5 9. b3 c5 10. dxc6 Nxc6 11. Bb2 Rb8 12. Qc1 Qa5 13. Rd1 Be6 14. Ng5 Bh6 15. h4 Ng4 16. Bd5 Bxd5 17. Rxd5 Qc7 18. Nce4 f6 19. Qc3 Qc8 20. c5 dxc5 21. Rxc5 Nge5 22. Nf3 Qg4 23. Nxe5 Nxe5 24. Rxe5 fxe5 25. Qxe5 Kf7 26. Bc1 Bg7 27. Qd5+ e6 28. Ng5+ Kg8 29. Nxe6 Qf5 30. Qxf5 Rxf5 31. Nxg7 Kxg7 32. Bb2+ Kf7 33. Rc1 Re8 34. e3 Rd5 35. Bd4 Ke6 36. a4 Kd7 37. Rc2 Re6 38. b4 Rc6 39. Rb2 Rc4 40. Kf1 Kc6 41. Ke2 b6 42. Kd3 Rc1 43. Ke4 Rf5 44. g4 Rf7 45. b5+ axb5 46. Rxb5 1/2-1/2

[Event "Bundesliga 0910"]
[Site "Germany"]
[Date "2009.10.17"]
[Round "1.5"]
[White "Meissner, Bernd"]
[Black "Rustemov, Alexander"]
[Result "0-1"]
[WhiteElo "2410"]
[BlackElo "2532"]
[PlyCount "92"]
[EventDate "2009.10.16"]
[EventType "team-tourn"]
[EventRounds "15"]
[EventCountry "GER"]
[SourceTitle "CBM 132 Extra"]
[Source "ChessBase"]
[SourceDate "2009.11.03"]
[SourceVersion "1"]
[SourceVersionDate "2009.11.03"]
[SourceQuality "1"]
[WhiteTeam "Bayern Muenchen"]
[BlackTeam "Wattenscheid"]
[WhiteTeamCountry "GER"]
[BlackTeamCountry "GER"]

1. d4 d5 2. Nf3 c6 3. c4 Nf6 4. cxd5 cxd5 5. Nc3 Nc6 6. Bf4 a6 7. Rc1 Ne4 8. a3 e6 9. e3 g5 10. Bg3 h5 11. Qd3 Nxg3 12. hxg3 Bg7 13. Nd2 Bd7 14. Be2 g4 15. Bd1 e5 16. Bb3 Be6 17. dxe5 Nxe5 18. Qe2 Rc8 19. Rd1 Qa5 20. e4 d4 21. Nd5 d3 22. Qe3 Kf8 23. 0-0 Qc5 24. Qxc5+ Rxc5 25. Nf4 Bd7 26. Rc1 Rc6 27. Bd5 Rb6 28. b4 h4 29. Nb3 Rbh6 30. Rfd1 h3 31. gxh3 gxh3 32. Nc5 Bg4 33. Ncxd3 h2+ 34. Kh1 Bf3+ 35. Ng2 Nxd3 36. Rxd3 Bxg2+ 37. Kxg2 h1Q+ 38. Rxh1 Rxh1 39. Bxb7 R8h2+ 40. Kf3 Rf1 41. Rd2 Bc3 42. Bxa6 Ra1 43. Rd7 Rxa3 44. Bc4 Bxb4+ 45. Ke2 Be7 46. g4 Rc3 0-1

[Event "Bundesliga 0809"]
[Site "Germany"]
[Date "2009.03.28"]
[Round "14.6"]
[White "Cioara, Andrei Nestor"]
[Black "Meissner, Bernd"]
[Result "1-0"]
[WhiteElo "2452"]
[BlackElo "2418"]
[PlyCount "75"]
[EventDate "2008.10.03"]
[EventType "team-tourn"]
[EventRounds "15"]
[EventCountry "GER"]
[SourceTitle "CBM 129 Extra"]
[Source "ChessBase"]
[SourceDate "2009.05.05"]
[SourceVersion "2"]
[SourceVersionDate "2009.05.20"]
[SourceQuality "1"]
[WhiteTeam "Trier"]
[BlackTeam "Bayern Muenchen "]
[WhiteTeamCountry "GER"]
[BlackTeamCountry "GER"]

1. d4 Nf6 2. Nf3 g6 3. g3 Bg7 4. c4 0-0 5. Bg2 c5 6. d5 d6 7. Nc3 e6 8. 0-0 exd5 9. cxd5 a6 10. a4 Nbd7 11. Nd2 Rb8 12. Nc4 Ne8 13. Bf4 Nb6 14. Na3 Bd7 15. a5 Nc8 16. Nc4 Bb5 17. Qb3 Na7 18. Nb6 f5 19. Rfe1 Nc7 20. e4 g5 21. Bd2 f4 22. e5 Be8 23. exd6 Ncb5 24. Ne4 Bd4 25. Bc3 Bg6 26. Bxd4 Nxd4 27. Qd1 f3 28. Bh3 Bxe4 29. Rxe4 Qxd6 30. Rxd4 cxd4 31. Be6+ Kg7 32. Qxd4+ Kh6 33. Nd7 Nb5 34. Qe3 Kh5 35. Ra4 Rbe8 36. h4 h6 37. Qe4 Rxe6 38. Qg4+ 1-0

[Event "Bundesliga 0809"]
[Site "Germany"]
[Date "2008.11.28"]
[Round "7.4"]
[White "Bischoff, Klaus"]
[Black "Meissner, Bernd"]
[Result "0-1"]
[WhiteElo "2545"]
[BlackElo "2418"]
[PlyCount "102"]
[EventDate "2008.10.03"]
[EventType "team-tourn"]
[EventRounds "15"]
[EventCountry "GER"]
[SourceTitle "CBM 127 Extra"]
[Source "ChessBase"]
[SourceDate "2009.01.08"]
[SourceVersion "2"]
[SourceVersionDate "2009.01.28"]
[SourceQuality "1"]
[WhiteTeam "Tegernsee"]
[BlackTeam "Bayern Muenchen "]
[WhiteTeamCountry "GER"]
[BlackTeamCountry "GER"]

1. d4 Nf6 2. c4 c5 3. Nf3 g6 4. Nc3 Bg7 5. d5 0-0 6. e4 d6 7. h3 Na6 8. Bd3 Nc7 9. 0-0 Rb8 10. Re1 e5 11. Nh2 Nh5 12. Bf1 Bd7 13. a4 Be8 14. g3 f5 15. exf5 gxf5 16. Be2 Nf6 17. Nf3 a6 18. Nh4 Bd7 19. a5 Kh8 20. Kh2 b6 21. axb6 Rxb6 22. Qc2 Ng8 23. f4 Ne7 24. fxe5 Bxe5 25. Nf3 Bf6 26. b3 Rg8 27. Bb2 Qf8 28. Nb1 Ne8 29. Nbd2 Qh6 30. Bd3 Rg7 31. Kg2 Ng6 32. Kf2 Bxb2 33. Qxb2 Qxh3 34. Rh1 Qg4 35. Rae1 Kg8 36. Qc3 Ne5 37. Reg1 Nxd3+ 38. Qxd3 Nf6 39. Rh4 Qg6 40. Ke1 Re7+ 41. Kd1 Ng4 42. Qc3 Rb8 43. Kc1 Re3 44. Qa5 Qg7 45. Re1 Rxe1+ 46. Nxe1 Re8 47. Nef3 Nf2 48. Kc2 f4 49. Rxf4 Qg6+ 50. Kb2 Nd3+ 51. Ka2 Nb4+ 0-1

[Event "BL2-Sued 0708"]
[Site "Germany"]
[Date "2008.04.06"]
[Round "8.3"]
[White "Meissner, Bernd"]
[Black "Kachiani Gersinska, Ketino"]
[Result "1/2-1/2"]
[WhiteElo "2426"]
[BlackElo "2404"]
[PlyCount "82"]
[EventDate "2007.10.21"]
[EventType "team-tourn"]
[EventRounds "9"]
[EventCountry "GER"]
[SourceTitle "EXT 2009"]
[Source "ChessBase"]
[SourceDate "2008.11.26"]
[SourceVersion "1"]
[SourceVersionDate "2008.11.26"]
[SourceQuality "1"]
[WhiteTeam "Bayern Muenchen"]
[BlackTeam "Baden-Baden II"]
[WhiteTeamCountry "GER"]
[BlackTeamCountry "GER"]

1. d4 Nf6 2. c4 g6 3. Nc3 Bg7 4. e4 d6 5. f3 0-0 6. Nge2 c5 7. d5 e6 8. Ng3 exd5 9. cxd5 h5 10. Bg5 Qb6 11. Qd2 Nh7 12. Bh4 Bd7 13. Be2 Bd4 14. f4 c4 15. Nf1 f5 16. Rd1 Bc5 17. a3 Re8 18. Bxc4 fxe4 19. b4 Bg1 20. Ne2 e3 21. Qd4 Bf2+ 22. Bxf2 exf2+ 23. Qxf2 Nf6 24. h3 Qxf2+ 25. Kxf2 Ne4+ 26. Ke1 b5 27. Bd3 a5 28. Ne3 axb4 29. axb4 Ra2 30. Nc2 Ng3 31. Kd2 Nxh1 32. Rxh1 Bf5 33. Bxf5 gxf5 34. Nc3 Rb2 35. Nxb5 Rc8 36. Rc1 Na6 37. Nxd6 Rd8 38. Nxf5 Rxd5+ 39. Kc3 Rxc2+ 40. Rxc2 Rxf5 41. Ra2 Nxb4 1/2-1/2

[Event "BL2-Sued 0607"]
[Site "Germany"]
[Date "2007.03.18"]
[Round "7.2"]
[White "Meissner, Bernd"]
[Black "Gasthofer, Alexander"]
[Result "1-0"]
[WhiteElo "2395"]
[BlackElo "2450"]
[PlyCount "123"]
[EventDate "2006.10.15"]
[EventType "team-tourn"]
[EventRounds "9"]
[EventCountry "GER"]
[SourceTitle "EXT 2008"]
[Source "ChessBase"]
[SourceDate "2007.11.25"]
[SourceVersion "1"]
[SourceVersionDate "2007.11.25"]
[SourceQuality "1"]
[WhiteTeam "Bayern Muenchen"]
[BlackTeam "Bad Mergentheim"]
[WhiteTeamCountry "GER"]
[BlackTeamCountry "GER"]

1. d4 d5 2. c4 e6 3. Nc3 Nf6 4. Nf3 Be7 5. Bf4 0-0 6. e3 Nbd7 7. a3 c5 8. cxd5 Nxd5 9. Nxd5 exd5 10. dxc5 Nxc5 11. Be2 Bf6 12. Be5 Ne6 13. 0-0 Bxe5 14. Nxe5 d4 15. e4 Qh4 16. f3 Qg5 17. Nd3 Qe3+ 18. Rf2 Rd8 19. Bf1 b6 20. Qd2 Bb7 21. Re1 Qxd2 22. Rxd2 Rac8 23. Red1 Bc6 24. Rc1 Ba4 25. Rxc8 Rxc8 26. Nb4 g5 27. g3 Rc1 28. Kf2 Rb1 29. Bc4 Nc5 30. Ba2 Ra1 31. Bd5 Rb1 32. Ba2 Ra1 33. Bc4 Rb1 34. e5 a5 35. Nd5 b5 36. Nf6+ Kg7 37. Ba2 Rxb2 38. Rxb2 Nd3+ 39. Ke2 Nxb2 40. Ne8+ Kf8 41. Nd6 Bd1+ 42. Kd2 Bxf3 43. Nxb5 Na4 44. Nxd4 Bb7 45. Nb5 Nb6 46. Kc3 Ke7 47. Nd6 Bd5 48. Bb1 f6 49. Nf5+ Ke6 50. exf6 Kxf6 51. Kd4 Be6 52. Nd6 h6 53. Bd3 Bb3 54. Nb7 a4 55. Nc5 Bd1 56. Bb5 Kf5 57. Ne4 Bb3 58. Nc3 Kg4 59. Kc5 Na8 60. Bd7+ Kh5 61. h3 Kg6 62. Kc6 1-0

[Event "BL2-Sued 0607"]
[Site "Germany"]
[Date "2007.02.25"]
[Round "6.3"]
[White "Meissner, Bernd"]
[Black "Gschnitzer, Oswald"]
[Result "1-0"]
[WhiteElo "2395"]
[BlackElo "2410"]
[PlyCount "87"]
[EventDate "2006.10.15"]
[EventType "team-tourn"]
[EventRounds "9"]
[EventCountry "GER"]
[SourceTitle "EXT 2008"]
[Source "ChessBase"]
[SourceDate "2007.11.25"]
[SourceVersion "1"]
[SourceVersionDate "2007.11.25"]
[SourceQuality "1"]
[WhiteTeam "Bayern Muenchen"]
[BlackTeam "Kirchheim"]
[WhiteTeamCountry "GER"]
[BlackTeamCountry "GER"]

1. d4 Nf6 2. c4 e6 3. Nf3 b6 4. a3 Bb7 5. Nc3 d5 6. Qc2 Be7 7. cxd5 Nxd5 8. Bd2 Nd7 9. e4 N5f6 10. Rd1 0-0 11. Bc4 c5 12. d5 exd5 13. exd5 b5 14. Bxb5 Nxd5 15. Nxd5 Bxd5 16. Bc3 Nb6 17. Bc6 Bxc6 18. Rxd8 Raxd8 19. 0-0 Rd6 20. Ne5 Ba8 21. Rd1 Nd5 22. Rd3 Rfd8 23. Ba5 Re8 24. Qa4 Rb8 25. h3 Re6 26. Rb3 Rf8 27. Ng4 Bd6 28. Bd2 Rfe8 29. Ne3 Nf4 30. Kf1 Kf8 31. g3 Nxh3 32. Qg4 Nxf2 33. Kxf2 Rg6 34. Qd7 Bc6 35. Qxa7 Ra8 36. Qb6 Bxg3+ 37. Ke2 Bf3+ 38. Kxf3 Rxb6 39. Rxb6 Be5 40. Nc4 Bd4 41. Bf4 Ke7 42. Bd6+ Kd7 43. Ke4 f6 44. Kd5 1-0

[Event "BL2-Sued 0607"]
[Site "Germany"]
[Date "2007.02.04"]
[Round "5.3"]
[White "Schafranietz, Sebastian"]
[Black "Meissner, Bernd"]
[Result "0-1"]
[WhiteElo "2350"]
[BlackElo "2395"]
[PlyCount "64"]
[EventDate "2006.10.15"]
[EventType "team-tourn"]
[EventRounds "9"]
[EventCountry "GER"]
[SourceTitle "EXT 2008"]
[Source "ChessBase"]
[SourceDate "2007.11.25"]
[SourceVersion "1"]
[SourceVersionDate "2007.11.25"]
[SourceQuality "1"]
[WhiteTeam "Untergrombach"]
[BlackTeam "Bayern Muenchen"]
[WhiteTeamCountry "GER"]
[BlackTeamCountry "GER"]

1. e4 c5 2. Nf3 d6 3. d4 cxd4 4. Nxd4 Nc6 5. Nc3 e5 6. Nf5 Nf6 7. Ne3 Be7 8. Ned5 0-0 9. Nxe7+ Qxe7 10. Bg5 Qe6 11. h3 Ne8 12. Be3 Qg6 13. g4 Nc7 14. Qd2 Rd8 15. 0-0-0 Be6 16. Nd5 Rac8 17. Bd3 Kh8 18. f4 exf4 19. Bxf4 f6 20. Nxc7 Rxc7 21. b3 Qf7 22. Kb2 Rcc8 23. g5 d5 24. exd5 Bxd5 25. Rhg1 Be4 26. Qe3 Bxd3 27. Rxd3 Rxd3 28. cxd3 Nb4 29. Rc1 Rxc1 30. Kxc1 fxg5 31. Bxg5 h6 32. Be7 Nd5 0-1

[Event "BL2-Sued 0607"]
[Site "Germany"]
[Date "2006.11.19"]
[Round "3.3"]
[White "Schwarz, Michael"]
[Black "Meissner, Bernd"]
[Result "1/2-1/2"]
[WhiteElo "2395"]
[BlackElo "2395"]
[PlyCount "65"]
[EventDate "2006.10.15"]
[EventType "team-tourn"]
[EventRounds "9"]
[EventCountry "GER"]
[SourceTitle "EXT 2008"]
[Source "ChessBase"]
[SourceDate "2007.11.25"]
[SourceVersion "1"]
[SourceVersionDate "2007.11.25"]
[SourceQuality "1"]
[WhiteTeam "Baden-Baden II"]
[BlackTeam "Bayern Muenchen"]
[WhiteTeamCountry "GER"]
[BlackTeamCountry "GER"]

1. Nf3 Nf6 2. c4 g6 3. g3 Bg7 4. Bg2 0-0 5. 0-0 c5 6. Nc3 Nc6 7. a3 d6 8. Rb1 a5 9. d3 Bd7 10. Bg5 h6 11. Bd2 Ne8 12. Ne1 Nc7 13. Nc2 Rb8 14. b4 axb4 15. axb4 cxb4 16. Nxb4 Nxb4 17. Rxb4 Bc6 18. Qc1 Kh7 19. Nd5 h5 20. Be3 Ne6 21. Bb6 Qd7 22. Qe3 Ra8 23. Rfb1 Ra2 24. d4 Re8 25. R4b2 Rxb2 26. Rxb2 Ra8 27. Rb1 Ra6 28. Qd3 Kg8 29. h4 Nf8 30. c5 dxc5 31. dxc5 Ra4 32. e3 e6 33. Nf4 1/2-1/2